Географическое картографирование: карты природы: учебное пособие для вузов

Xehetasun bibliografikoak
Erakunde egilea: Московский государственный университет им. М. В. Ломоносова (МГУ) Географический факультет
Beste egile batzuk: Божилина Е. А. Елена Алексеевна (редактор)
Gaia:Освещены общие методологические принципы и современные научные и технологические аспекты картографирования природы. Рассмотрены типы легенд карт природы, их значение, вопросы общего редактирования и основные направления картографирования природы: геологическое, в том числе отдельно тектоническое и неотектоническое, геоморфологическое, климатическое, гидрологическое, почвенное, картографирование растительного покрова, зоогеографическос и ландшафтное. Приведены варианты практических работ и указания по их выполнению. Для студентов высших учебных заведений по направлению подготовки бакалавриата 021300 «Картография и геоинформатика», а также для специалистов по картографии и геоинформатике, аспирантов и научных сотрудников других специальностей географической направленности.
Hizkuntza:errusiera
Argitaratua: Москва, КДУ, 2010
Gaiak:
Formatua: MixedMaterials Liburua
KOHA link:https://koha.lib.tpu.ru/cgi-bin/koha/opac-detail.pl?biblionumber=184115

MARC

LEADER 00000nam0a2200000 4500
001 184115
005 20231101223824.0
010 |a 9785982277411 
035 |a (RuTPU)RU\TPU\book\199596 
090 |a 184115 
100 |a 20100827d2010 m y0rusy50 ca 
101 0 |a rus 
102 |a RU 
105 |a a j 001zy 
200 1 |a Географическое картографирование: карты природы  |e учебное пособие для вузов  |f Московский государственный университет им. М. В. Ломоносова (МГУ), Географический факультет ; под ред. Е. А. Божилиной 
210 |a Москва  |c КДУ  |d 2010 
215 |a 316 с.  |c ил. 
320 |a Библиогр.: с. 310-314. 
330 |a Освещены общие методологические принципы и современные научные и технологические аспекты картографирования природы. Рассмотрены типы легенд карт природы, их значение, вопросы общего редактирования и основные направления картографирования природы: геологическое, в том числе отдельно тектоническое и неотектоническое, геоморфологическое, климатическое, гидрологическое, почвенное, картографирование растительного покрова, зоогеографическос и ландшафтное. Приведены варианты практических работ и указания по их выполнению. Для студентов высших учебных заведений по направлению подготовки бакалавриата 021300 «Картография и геоинформатика», а также для специалистов по картографии и геоинформатике, аспирантов и научных сотрудников других специальностей географической направленности. 
606 1 |a Тематическое картографирование  |2 stltpush  |3 (RuTPU)RU\TPU\subj\59390  |9 76943 
610 1 |a картография 
610 1 |a карты 
610 1 |a географическое картографирование 
610 1 |a природа 
610 1 |a природные объекты 
610 1 |a картографические геоизображения 
610 1 |a геологическое картографирование 
610 1 |a тектоническое картографирование 
610 1 |a геоморфологические карты 
610 1 |a климатическое картографирование 
610 1 |a почвенное картографирование 
610 1 |a зоогеографическое картографирование 
610 1 |a ландшафтное картографирование 
610 1 |a растительность 
610 1 |a учебные пособия 
675 |a 528.94(075.8)  |v 3 
702 1 |a Божилина  |b Е. А.  |g Елена Алексеевна  |4 340 
712 0 2 |a Московский государственный университет им. М. В. Ломоносова (МГУ)  |b Географический факультет  |2 stltpush  |3 (RuTPU)RU\TPU\col\7 
801 1 |a RU  |b 63413507  |c 20100827 
801 2 |a RU  |b 63413507  |c 20150508  |g RCR 
942 |c BK 
959 |a 53/20100827  |d 10  |e 266,20  |f АНЛ:1  |f ЧЗТЛ:1  |f УФ:8